| 000 | 01569cam a2200253 4500 | ||
|---|---|---|---|
| 001 | ##L135722 | ||
| 008 | 061129n2006 000 0 eng u | ||
| 035 | _a(Sirsi) u135722 | ||
| 041 | 0 | _aeng | |
| 050 | 0 | 4 | _a332.6324 $2 18 |
| 110 | 2 |
_aInvestment Property Databank _92288 |
|
| 245 | 0 | 4 | _aThe investment performance of listed offices |
| 260 |
_aLondon _bRICS _c2006 |
||
| 505 | 1 | _aPerformance of the UK property market in 2004 and 2005 -- IPD sample of listed offices -- The investment performance of listed offices: West End offices, City and Midtown offices, outer London, southern England and rest of England, England offices -- Income and occupancy at end 2004 -- Improvement expenditure | |
| 520 | _aThe 2006 update to this regular survey examining the investment performance of listed offices in England, shows that over the long-term listed offices have tended to follow the same market cycle as unlisted offices. The report compares the returns, regional differentiation, and income and occupancy of listed office buildings against those of offices that have not been listed. | ||
| 590 | _aKA | ||
| 651 | 4 |
_aEngland _y886- |
|
| 690 | _aPROPERTY-COMMERCIAL PROPERTY-COMMERCIAL PROPERTY FINANCE AND INVESTMENT | ||
| 710 | 2 |
_aRoyal Institution of Chartered Surveyors _94900 |
|
| 710 | 2 |
_aInvestment Property Forum _92112 |
|
| 710 | 2 |
_aEnglish Heritage _92714 |
|
| 856 | 4 | 0 |
_uhttps://www.rics.org/profession-standards/knowledge-and-information-services/document-delivery-and-other-kis-fees _zEmail [email protected] for a scanned copy |
| 942 |
_n0 _2ddc |
||
| 999 |
_c106169 _d106169 |
||